Coldest Cities in Australia - Statistics

General Stats
  • This quiz has been taken 38 times
    31 since last reset
  • The average score is 9 of 24
Answer Stats
Answer % Correct
Hobart
96%
Canberra
91%
Launceston
78%
Alice Springs
48%
Ballarat
48%
Devonport
48%
Wagga Wagga
48%
Orange
43%
Shepparton-Mooroopna
43%
Bathurst
39%
Burnie
39%
Dubbo
39%
Tamworth
35%
Armidale
30%
Mount Gambier
26%
Blue Mountains
22%
Wangaratta
22%
Goulburn
17%
Warrnambool
17%
Crafers-Bridgewater
13%
Bowral-Mittagong
9%
Cessnock
9%
Traralgon
9%
Kurri Kurri
0%
No matching quizzes found
Score Distribution
Percent of People with Each Score
Percentile by Number Answered
Your Score History
You have not taken this quiz since the last reset